Регионална библиотека "Любен Каравелов" - Русе

Статии (Запис номер 128366)

MARC детайли
000 -Лидер
Контролно поле с фиксирана дължина 01827nam a2200385 a 4500
003 - Код на организацията, давaща контролен номер
Контролно поле BLK
005 - Дата и час на последна редакция
Контролно поле 20240321124851.0
008 - Елементи от данни с фиксирана дължина
fixed length control field 180409b bul|||||r ||||||| ||bul||
040 ## - Източник на каталожния запис
Идентификатор на билиотеката - собственик на записа BLK
041 ## - Код за език
Код за езика на текст/звукозапис или на отделно заглавие Български
Код за езика КДБФ Български
080 ## - УДК
Текстов определител УДК Българска литература
УДК код - определител по УДК 821.163.2
УДК определител .09
УДК - код + определител 821.163.2.09
100 ## - Редна дума - Автор
Автор Благоев, Димитър
Автор - информация (биография) Дядото
Дати, свързани с автора 1856 - 1924
Пълна форма на името Николов, Димитър Благоев
R(LIN) 377352
139 ## - Редно поле
Редна дума Благоев, Димитър
Авторски знак Бл - Б 47
245 10 - Сведения за заглавието
Заглавие Статии
Редно поле (дума) Димитър Благоев; предг. от Стоян Несторов Каролев; * Димитър Благоев Николов.
250 ## - Област на изданието
Сведения за изданието 2. изд.
257 ## - Страна на издаване
Страна на създаване/издаване България
260 ## - Област на издателските данни
Място на издаване, разпространение и проч. София
Име на издателя, разпространителя и проч. Бълг. писател
Година на издаване 1968
300 ## - Физическа характеристика
Страници 180 с.
Размери/Мащаб 22 см
380 ## - Жанр
Жанр Литературознание
490 ## - СЕРИИ (Колекции)
Име на серия Библиотека за ученика
9 (RLIN) 201322
500 ## - Общи забележки
Забележка Пълното име на авт. е Димитър Благоев Николов. - 1. изд. 1966. - 10 100 тир. - Съдържа статии по лит. теория и естетика и лит.-крит. очерци за Хр Ботев, Т. Г. Влайков, А. Констатинов, А. Т. Страшимиров, Д. Т. Страшимиров.
650 #4 - Допълнително описание по предмет – тема
Основно описание – тема или топоним Българска литература - критика
9 (RLIN) 241969
651 #4 - Допълнително описание по предмет - топоним
Географско понятие България
9 (RLIN) 241624
653 ## - Ключова дума – ненормативна
Ключова дума българска литература
653 ## - Ключова дума – ненормативна
Ключова дума литературна критика
700 ## - Други автори (авторска отговорност)
Лично име Каролев, Стоян Несторов
9 (RLIN) 363884
700 1# - Други автори (авторска отговорност)
Лично име Николов, Димитър Благоев
Автороска отговорност (Описва отношението между автора и произведението) *
9 (RLIN) 321178
852 ## - Местоположение
Форматна сигнатура Цб 47247
Фондова буква Хранилище
856 4# - Електронен адрес и достъп
Електронен формат pdf - файл
856 4# - Електронен адрес и достъп
Електронен формат pdf - файл
999 ## - СИСТЕМНИ КОНТРОЛНИ НОМЕРА
Koha biblionumber 128366
Koha biblioitemnumber 128366
942 ## - АРТИКУЛИ
Вид на библиотечния материал Книги
Скрит в OPAC Не
Периодичен библиозапис Да
944 ## - СЪЗДАВАНЕ И РЕДАКЦИЯ на ЗАПИСА
Създаване/Редакция Създаване
Дата на регистрацията/редакция 25.09.2012
Статус, дата на статуса Нора Радева
Служител, извършил регистрацията/редакцията 30545
944 ## - СЪЗДАВАНЕ И РЕДАКЦИЯ на ЗАПИСА
Създаване/Редакция Редакция
Дата на регистрацията/редакция 2022-06-17
Служител, извършил регистрацията/редакцията Кети
999 ## - СИСТЕМНИ КОНТРОЛНИ НОМЕРА
Koha biblioitemnumber 128366
Наличности
Код за отписване Код за изгубен артикул Източник на класификационната схема Код за повреда Коз за рестрикции Код за отдаване Артикулен № Име на библиотеката - собственик Име на библиотеката, в която се намира в момента Статус (Текущо местоположение) Дата на вписване в системата Местоположение - отдел Цена в лева Инвентарен номер Систематично азбучна сигнатура Баркод Номер на екземпляра Цена в евро Служебна бележка Служебен тип на артикула
  Не е изгубен Universal Decimal Classification Не е повреден само за читалня ползва се в читалня 208632 Регионална библиотека "Любен Каравелов" Русе Регионална библиотека "Любен Каравелов" Русе Хранилище 1968-01-01 Хранилище 0.32 14680/68 Цб 47247 900000102550 1 0.16 N: стар фонд Дата: 01.01.1968 Книги
Vip Innovations Ltd, Rousse, Bulgaria 2025